000 01530nam2a2200241 4500
001 rc\2662710
005 20260315043817.0
035 _a(NLR Aleph) 006969476
090 _a13566324
_c13566324
100 _a20110617d1934 u y0rusy50 ca
101 0 _arus
102 _aRU
105 _ay z |||||
200 1 _aВопросы техники возделывания сельскохозяйственных культур на болотных почвах
_fСев.-Зап. науч.-исслед. ин-т гидротехники и мелиорации Всесоюз. акад. с.-х. наук им. В.И. Ленина
210 _d1934
300 _aЗагл.: Выводы из работ С.-З. НИИГМ
461 0 _1001rc\2662704
_12001#$aВыводы из работ ЛЕЗОМС$eСерия 2. № 4-12$fНаркомзем СССР. Ленингр. зональная опытно-мелиоративная станция$vВып. 9
_95425627
_aСеверный научно-исследовательский институт гидротехники и мелиорации (Ленинград)
_c[Ленинград]
_d1931-1935
_fНаркомзем СССР. Ленингр. зональная опытно-мелиоративная станция
_nСельколхозгиз
_oСерия 2. № 4-12
_tВыводы из работ ЛЕЗОМС
_vВып. 9
700 1 _aТурнас
_bП.А.
801 0 _aRU
_bNLR
_gpsbo
801 1 _aRU
_bELAR
_2rusmarc
852 _aNLR
_j32-15/40
942 _cUNSPEC
980 _aNB